| 000 | 00937nam a2200229 a 4500 | ||
|---|---|---|---|
| 001 | BRCA_981 | ||
| 005 | 20190320203230.0 | ||
| 008 | 950803s1994 mx-a---##b---#000-0#spa-d | ||
| 020 | _a9684962754 | ||
| 050 | 4 |
_aHN120.M4 _b.A78 1994 |
|
| 100 | 1 |
_aArtís Espriu, Gloria _93228 |
|
| 245 | 1 | 0 |
_aFamilia, riqueza y poder _bun estudio genealógico de la oligarquía novohispana _cGloria Artís Espriu. |
| 260 |
_aMéxico _bCentro de Investigaciones y Estudios Superiores en Antropología Social _c1994 |
||
| 300 |
_a157 p. _bil. _c21 cm. |
||
| 440 | 0 |
_aColección Miguel Othón de Mendizábal _93229 |
|
| 504 | _aBibliografía: p. 153-157 | ||
| 650 | 1 | 4 |
_aFamilias de clase alta _xHistoria _ySiglo XVIII _zMéxico _93230 |
| 650 | 1 | 4 |
_aÉlite (Ciencias sociales) _xHistoria _ySiglo XVIII _zMéxico _93231 |
| 650 | 1 | 4 |
_aMolinos de harina _xAspectos sociales _ySiglo XVIII _zMéxico _93232 |
| 651 | 4 |
_aMéxico (Ciudad) _xGenealogía _93233 |
|
| 942 |
_2lcc _cB |
||
| 999 |
_c865 _d865 |
||